| 000 | 00826cam a22002534a 4500 | ||
|---|---|---|---|
| 001 | 12258110 | ||
| 005 | 20260313155822.0 | ||
| 008 | 001215s2002 mauab b 001 0 eng | ||
| 020 |
_a0631219323 _qalk. paper |
||
| 020 |
_a0631219331 _qpbk. : alk. paper |
||
| 020 |
_a9780631219323 _q(alk. paper) |
||
| 020 |
_a9780631219330 _q(pbk. : alk. paper) |
||
| 050 | 0 | 0 |
_aHT151 _b.C377 2002 |
| 082 | 0 | 0 |
_a307.76 _221 |
| 100 | 1 |
_aCastells, Manuel, _d1942- |
|
| 245 | 1 | 4 |
_aThe Castells reader on cities and social theory / _cedited by Ida Susser. |
| 260 |
_aMalden, Mass. : _bBlackwell, _c2002. |
||
| 300 |
_ax, 431 p. : _bill., maps ; _c24 cm. |
||
| 650 | 0 | _aSociology, Urban. | |
| 650 | 0 | _aSocial movements. | |
| 650 | 0 |
_aCities and towns _xEffect of technological innovations on. |
|
| 700 | 1 | _aSusser, Ida. | |
| 942 |
_2lcc _cBK _n0 |
||
| 999 |
_c9037 _d9037 |
||